• 首页
  • 本馆介绍
  • 公告通知
  • 最新文献
  • 馆藏检索
  • 电子资源
  • 读者导购
  • 参考咨询
  • 我的图书馆
  • 登录
  • 详细信息显示
  • 放入我的书架
  • 预约/预借图书
  • 作者相关作品
  • 分类相关作品
  • 丛书相关作品
  • 出版社相关作品

书目信息

  • 表格格式
  • 工作单格式
  • 卡片格式
题名:
学以成人
    
 
作者: 李效东 编著
分册:  
出版信息: 长春   吉林大学出版社  2021.03
页数: 258页
开本: 24cm
丛书名:
单 册:
中图分类: G40-092.2
科图分类:
主题词: 教育理论--中国--古代
电子资源:
ISBN: 978-7-5692-7611-4
000 01005nam0 2200253 450
001 012001001560
005 20140201154640.0
010    @a978-7-5692-7611-4@dCNY66.00
100    @a20220905d2021 em y0chiy50 ea
101 0  @achi
102    @aCN@b220000
105    @ay z 000yy
106    @ar
200 1  @a学以成人@Axue yi cheng ren@e《学记》的教育智慧@f李效东编著
210    @a长春@c吉林大学出版社@d2021.03
215    @a258页@d24cm
300    @a中央直属高校基本科研业务费人文社科重点培育项目“中华优秀传统文化与习近平新时代中国特色社会主义思想关系研究” 北京高校思想政治理论课教师择优资助计划“国家治理现代化与民族复兴理论研究”
330    @a本书主要就《学记》中的“教学为先”“教学相长”“教之大伦”“大学之教”“教之兴废”“为师之道”“进学之道”“学为人师”等篇章展开论述。
605    @a《学记》@x研究
606 0  @a教育理论@y中国@z古代
690    @aG40-092.2@v5
701  0 @a李效东@Ali xiao dong@f(1972-)@4编著
801  0 @aCN@bAHXH@c20221111
905    @b1366498-502@dG40-092.2@e1285@f5
    
    学以成人:《学记》的教育智慧/李效东编著.-长春:吉林大学出版社,2021.03
    258页;24cm
    中央直属高校基本科研业务费人文社科重点培育项目“中华优秀传统文化与习近平新时代中国特色社会主义思想关系研究” 北京高校思想政治理论课教师择优资助计划“国家治理现代化与民族复兴理论研究”
    
    ISBN 978-7-5692-7611-4:CNY66.00
    本书主要就《学记》中的“教学为先”“教学相长”“教之大伦”“大学之教”“教之兴废”“为师之道”“进学之道”“学为人师”等篇章展开论述。
●
相关链接 在E读中查询图书 在五车中查询图书 在当当中查询图书 在豆瓣中查询图书


正题名:学以成人     索取号:G40-092.2/1285         预约/预借

序号 登录号 条形码 馆藏地/架位号 状态 备注
1 1366498   213664989   第一样本阅览室/ [索取号:G40-092.2/1285] 在馆    
2 1366499   213664998   教育系资料室/ [索取号:G40-092.2/1285] 在馆    
3 1366500   213665005   教育系资料室/ [索取号:G40-092.2/1285] 在馆    
4 1366501   213665014   第四借阅区/ [索取号:G40-092.2/1285] 在馆    
5 1366502   213665023   第四借阅区/ [索取号:G40-092.2/1285] 在馆    
唐山师范学院图书馆 欢迎您!
大连网信软件有限公司© 版权所有